[Event "Summer Prague Open 2022 - A"]
[Site "Olympik hotel, Sokolovska 138, Praha"]
[Date "2022.08.07"]
[Round "3"]
[Board "19"]
[White "Lalic, Bogdan"]
[Black "Kozak, Milos"]
[Result "1-0"]
[WhiteElo "2415"]
[BlackElo "2101"]
[PlyCount "0"]
[EventDate "2022.08.05"]
[EventRounds "9"]
[EventCountry "CZE"]

1. Nf3 {[%clk 1:28:38]} Nf6 {[%clk 1:30:39]} 2. c4 {[%clk 1:28:59]} e6
{[%clk 1:30:48]} 3. Nc3 {[%clk 1:29:20]} d5 {[%clk 1:30:55]} 4. d4
{[%clk 1:29:41]} c5 {[%clk 1:30:02]} 5. cxd5 {[%clk 1:29:55]} Nxd5
{[%clk 1:30:26]} 6. g3 {[%clk 1:27:41]} Nxc3 {[%clk 1:26:27]} 7. bxc3
{[%clk 1:28:05]} cxd4 {[%clk 1:26:47]} 8. cxd4 {[%clk 1:28:29]} Bb4+
{[%clk 1:27:04]} 9. Bd2 {[%clk 1:28:53]} Bxd2+ {[%clk 1:26:17]} 10. Qxd2
{[%clk 1:29:14]} b6 {[%clk 1:26:01]} 11. Bg2 {[%clk 1:29:34]} Bb7
{[%clk 1:26:24]} 12. O-O {[%clk 1:29:53]} Nd7 {[%clk 1:23:55]} 13. a4
{[%clk 1:29:41]} a5 {[%clk 1:20:34]} 14. Qb2 {[%clk 1:24:54]} O-O
{[%clk 1:16:45]} 15. Rfc1 {[%clk 1:16:26]} Be4 {[%clk 1:04:42]} 16. Ne1
{[%clk 1:09:00]} Bxg2 {[%clk 1:03:58]} 17. Nxg2 {[%clk 1:09:17]} Rc8
{[%clk 0:55:53]} 18. Ne3 {[%clk 1:07:01]} Qe7 {[%clk 0:33:35]} 19. Qb5
{[%clk 0:46:40]} Qd6 {[%clk 0:28:41]} 20. d5 {[%clk 0:46:33]} exd5
{[%clk 0:21:50]} 21. Nxd5 {[%clk 0:41:05]} Kh8 {[%clk 0:17:33]} 22. Rxc8
{[%clk 0:20:46]} Rxc8 {[%clk 0:18:01]} 23. Rd1 {[%clk 0:20:50]} Rc5
{[%clk 0:12:58]} 24. Qb3 {[%clk 0:17:16]} h6 {[%clk 0:11:26]} 25. Nf4
{[%clk 0:13:29]} Qe7 {[%clk 0:11:16]} 26. h4 {[%clk 0:10:00]} Kg8
{[%clk 0:08:12]} 27. h5 {[%clk 0:07:41]} Kh8 {[%clk 0:07:39]} 28. Qf3
{[%clk 0:07:11]} Nf6 {[%clk 0:02:39]} 29. Qa8+ {[%clk 0:07:15]} Kh7
{[%clk 0:02:56]} 30. Rd8 {[%clk 0:06:16]} g5 {[%clk 0:02:51]} 31. hxg6+
{[%clk 0:05:19]} fxg6 {[%clk 0:03:19]} 32. Rh8+ {[%clk 0:05:03]} Kg7
{[%clk 0:03:40]} 33. Rb8 {[%clk 0:05:24]} Rc1+ {[%clk 0:03:53]} 34. Kg2
{[%clk 0:05:25]} Qe4+ {[%clk 0:01:53]} 35. Qxe4 {[%clk 0:05:47]} Nxe4
{[%clk 0:02:22]} 36. Rb7+ {[%clk 0:05:53]} Kg8 {[%clk 0:02:11]} 37. Nxg6
{[%clk 0:04:37]} Rc4 {[%clk 0:02:14]} 38. Rxb6 {[%clk 0:03:58]} Rxa4
{[%clk 0:02:38]} 39. Nf4 {[%clk 0:03:49]} Ra1 {[%clk 0:01:58]} 40. Rxh6
{[%clk 0:03:38]} a4 {[%clk 0:02:20]} 41. Ra6 {[%clk 0:03:47]} a3 {[%clk 0:01:42]}
42. Nd5 {[%clk 0:02:03]} Ra2 {[%clk 0:21:09]} 43. Nf6+ {[%clk 0:29:15]} Nxf6
{[%clk 0:21:23]} 44. Rxf6 {[%clk 0:29:41]} Rxe2 {[%clk 0:21:45]} 45. Ra6
{[%clk 0:30:06]} a2 {[%clk 0:21:51]} 46. Ra7 {[%clk 0:30:20]} Kf8
{[%clk 0:20:58]} 47. g4 {[%clk 0:30:43]} Rb2 {[%clk 0:20:57]} 48. Kg3
{[%clk 0:30:55]} Kg8 {[%clk 0:20:31]} 49. f4 {[%clk 0:29:34]}  1-0

[Event "Summer Prague Open 2022 - A"]
[Site "Olympik hotel, Sokolovska 138, Praha"]
[Date "2022.08.07"]
[Round "3"]
[Board "20"]
[White "Weishaeutel, Moritz"]
[Black "Lahlum, Hans Olav"]
[Result "1-0"]
[WhiteElo "2396"]
[BlackElo "2109"]
[PlyCount "0"]
[EventDate "2022.08.05"]
[EventRounds "9"]
[EventCountry "CZE"]

1. e4 {[%clk 1:30:58]} e6 {[%clk 1:30:57]} 2. d4 {[%clk 1:31:23]} d5
{[%clk 1:31:22]} 3. Nd2 {[%clk 1:31:49]} c5 {[%clk 1:31:47]} 4. exd5
{[%clk 1:32:13]} Qxd5 {[%clk 1:32:13]} 5. Ngf3 {[%clk 1:32:36]} cxd4
{[%clk 1:32:39]} 6. Bc4 {[%clk 1:33:00]} Qd6 {[%clk 1:33:05]} 7. O-O
{[%clk 1:33:22]} Nf6 {[%clk 1:33:33]} 8. Nb3 {[%clk 1:33:46]} Nc6
{[%clk 1:34:00]} 9. Nbxd4 {[%clk 1:34:08]} Nxd4 {[%clk 1:34:25]} 10. Nxd4
{[%clk 1:34:34]} a6 {[%clk 1:34:41]} 11. Re1 {[%clk 1:34:54]} Qc7
{[%clk 1:34:53]} 12. Qe2 {[%clk 1:35:18]} Bd6 {[%clk 1:31:51]} 13. Bg5
{[%clk 1:35:28]} O-O {[%clk 1:30:07]} 14. Bxf6 {[%clk 1:35:52]} gxf6
{[%clk 1:30:29]} 15. Bd3 {[%clk 1:36:16]} f5 {[%clk 1:18:59]} 16. Qh5
{[%clk 1:36:38]} Be5 {[%clk 1:14:49]} 17. Nf3 {[%clk 1:29:02]} Bg7
{[%clk 1:13:10]} 18. g4 {[%clk 1:25:50]} Qf4 {[%clk 1:10:44]} 19. gxf5
{[%clk 1:26:09]} exf5 {[%clk 1:10:32]} 20. h3 {[%clk 1:25:26]} h6
{[%clk 0:57:29]} 21. c3 {[%clk 1:10:26]} Be6 {[%clk 0:51:20]} 22. Nh4
{[%clk 0:58:14]} Rad8 {[%clk 0:49:32]} 23. Re3 {[%clk 0:58:28]} Qg5+
{[%clk 0:46:28]} 24. Qxg5 {[%clk 0:58:50]} hxg5 {[%clk 0:46:55]} 25. Nxf5
{[%clk 0:58:40]} Bxf5 {[%clk 0:43:36]} 26. Bxf5 {[%clk 0:59:04]} Rd2
{[%clk 0:43:59]} 27. Rb1 {[%clk 0:58:55]} Rfd8 {[%clk 0:43:50]} 28. Re7
{[%clk 0:51:21]} b5 {[%clk 0:43:50]} 29. Bg4 {[%clk 0:48:41]} Bf8
{[%clk 0:31:23]} 30. Rc7 {[%clk 0:46:31]} a5 {[%clk 0:28:14]} 31. Rb7
{[%clk 0:41:20]} b4 {[%clk 0:23:43]} 32. cxb4 {[%clk 0:40:10]} axb4
{[%clk 0:24:04]} 33. Rc1 {[%clk 0:26:57]} Bd6 {[%clk 0:22:26]} 34. Bd1
{[%clk 0:26:28]} Bf4 {[%clk 0:12:22]} 35. Bb3 {[%clk 0:26:31]} R2d7
{[%clk 0:10:15]} 36. Rxd7 {[%clk 0:23:47]} Rxd7 {[%clk 0:10:41]} 37. Rc4
{[%clk 0:24:12]} Bd6 {[%clk 0:09:14]} 38. Rg4 {[%clk 0:19:38]} Be7
{[%clk 0:05:42]} 39. h4 {[%clk 0:19:41]} Rd2 {[%clk 0:05:25]} 40. hxg5
{[%clk 0:19:37]} Kg7 {[%clk 0:04:53]} 41. Rf4 {[%clk 0:15:35]} Bxg5
{[%clk 0:04:42]} 42. Rxb4 {[%clk 0:15:27]} Rxb2 {[%clk 0:02:24]} 43. Rb7
{[%clk 0:15:19]} Bf6 {[%clk 0:00:47]} 44. Rxf7+ {[%clk 0:14:39]} Kg6
{[%clk 0:01:13]} 45. Rf8 {[%clk 0:14:37]} Kf5 {[%clk 0:00:54]} 46. Kg2
{[%clk 0:14:10]} Ke5 {[%clk 0:30:26]} 47. Kg3 {[%clk 0:43:55]} Be7
{[%clk 0:30:28]} 48. Rf7 {[%clk 0:41:41]} Bd6 {[%clk 0:30:07]} 49. Kg4
{[%clk 0:40:33]} Bc5 {[%clk 0:28:45]} 50. Rf5+ {[%clk 0:39:54]} Kd6
{[%clk 0:29:05]} 51. Rd5+ {[%clk 0:38:32]} Kc6 {[%clk 0:29:30]} 52. f4
{[%clk 0:38:56]} Rg2+ {[%clk 0:29:16]} 53. Kf5 {[%clk 0:38:55]} Bd6
{[%clk 0:29:24]} 54. Rd3 {[%clk 0:37:41]} Rf2 {[%clk 0:29:29]} 55. Bd5+
{[%clk 0:30:09]} Kc5 {[%clk 0:29:25]} 56. Rf3 {[%clk 0:30:33]} Rd2
{[%clk 0:27:53]} 57. Bb3 {[%clk 0:30:45]} Re2 {[%clk 0:25:21]} 58. Kg6
{[%clk 0:29:23]} Rg2+ {[%clk 0:25:31]} 59. Kf7 {[%clk 0:29:28]} Kd4
{[%clk 0:25:35]} 60. f5 {[%clk 0:29:08]} Ke4 {[%clk 0:24:32]} 61. Rf1
{[%clk 0:29:18]} Bf4 {[%clk 0:23:06]} 62. f6 {[%clk 0:28:48]} Kf5
{[%clk 0:19:24]} 63. Rxf4+ {[%clk 0:28:06]} Kxf4 {[%clk 0:19:43]} 64. Ke7
{[%clk 0:28:33]} Ke5 {[%clk 0:18:35]} 65. f7 {[%clk 0:28:55]} Rg7
{[%clk 0:18:41]} 66. Ke8 {[%clk 0:29:14]}  1-0

[Event "Summer Prague Open 2022 - A"]
[Site "Olympik hotel, Sokolovska 138, Praha"]
[Date "2022.08.07"]
[Round "4"]
[Board "1"]
[White "Kulhanek, Tomas"]
[Black "Mirzoev, Azer"]
[Result "1/2-1/2"]
[WhiteElo "2319"]
[BlackElo "2435"]
[PlyCount "0"]
[EventDate "2022.08.05"]
[EventRounds "9"]
[EventCountry "CZE"]

1. e4 {[%clk 1:28:54]} e5 {[%clk 1:30:29]} 2. Nf3 {[%clk 1:28:50]} Nc6
{[%clk 1:30:42]} 3. Bc4 {[%clk 1:29:07]} Bc5 {[%clk 1:31:06]} 4. c3
{[%clk 1:29:18]} Nf6 {[%clk 1:31:27]} 5. d4 {[%clk 1:29:40]} exd4
{[%clk 1:31:50]} 6. e5 {[%clk 1:29:54]} d5 {[%clk 1:31:19]} 7. Be2
{[%clk 1:30:02]} Ne4 {[%clk 1:31:30]} 8. cxd4 {[%clk 1:30:26]} Bb6
{[%clk 1:31:57]} 9. Nc3 {[%clk 1:30:31]} O-O {[%clk 1:32:08]} 10. O-O
{[%clk 1:30:56]} Bf5 {[%clk 1:31:45]} 11. Na4 {[%clk 1:30:22]} h6
{[%clk 1:31:36]} 12. a3 {[%clk 1:29:13]} Bh7 {[%clk 1:31:37]} 13. Be3
{[%clk 1:27:31]} f5 {[%clk 1:27:15]} 14. exf6 {[%clk 1:26:37]} Qxf6
{[%clk 1:27:30]} 15. Nxb6 {[%clk 1:26:30]} axb6 {[%clk 1:27:34]} 16. Rc1
{[%clk 1:26:41]} Kh8 {[%clk 1:24:49]} 17. Bb5 {[%clk 1:19:32]} Qd6
{[%clk 1:06:21]} 18. Re1 {[%clk 1:09:53]} Ne7 {[%clk 0:55:38]} 19. Ne5
{[%clk 1:08:56]} c6 {[%clk 0:53:54]} 20. Bd3 {[%clk 1:06:17]} Nf5
{[%clk 0:51:55]} 21. f3 {[%clk 1:00:13]} Nxe3 {[%clk 0:44:53]} 22. Rxe3
{[%clk 0:57:56]} Nf6 {[%clk 0:44:01]} 23. Bxh7 {[%clk 0:51:55]} Kxh7
{[%clk 0:43:52]} 24. Qd3+ {[%clk 0:51:22]} Kg8 {[%clk 0:44:16]} 25. Rce1
{[%clk 0:51:29]} Rae8 {[%clk 0:41:46]} 26. Qg6 {[%clk 0:36:53]} Qc7
{[%clk 0:40:52]} 27. Ng4 {[%clk 0:27:54]} Rxe3 {[%clk 0:34:23]} 28. Rxe3
{[%clk 0:28:07]} Nxg4 {[%clk 0:34:31]} 29. Qxg4 {[%clk 0:28:19]} Qf4
{[%clk 0:26:23]} 30. Qxf4 {[%clk 0:27:38]}  1/2-1/2

[Event "Summer Prague Open 2022 - A"]
[Site "Olympik hotel, Sokolovska 138, Praha"]
[Date "2022.08.07"]
[Round "4"]
[Board "2"]
[White "Cernousek, Lukas"]
[Black "Karas, Marek"]
[Result "1-0"]
[WhiteElo "2429"]
[BlackElo "2275"]
[PlyCount "0"]
[EventDate "2022.08.05"]
[EventRounds "9"]
[EventCountry "CZE"]

1. e4 {[%clk 1:30:57]} e6 {[%clk 1:30:53]} 2. d4 {[%clk 1:31:22]} d5
{[%clk 1:31:21]} 3. Nc3 {[%clk 1:31:46]} Nf6 {[%clk 1:31:44]} 4. Bg5
{[%clk 1:32:05]} Be7 {[%clk 1:32:03]} 5. e5 {[%clk 1:32:31]} Nfd7
{[%clk 1:32:26]} 6. Bxe7 {[%clk 1:32:56]} Qxe7 {[%clk 1:32:49]} 7. f4
{[%clk 1:33:22]} a6 {[%clk 1:33:03]} 8. Nf3 {[%clk 1:33:35]} c5 {[%clk 1:33:27]}
9. Ne2 {[%clk 1:33:27]} Nc6 {[%clk 1:32:30]} 10. c3 {[%clk 1:33:47]} b5
{[%clk 1:30:33]} 11. dxc5 {[%clk 1:13:24]} Nxc5 12. Ned4 {[%clk 1:13:31]} Nxd4
{[%clk 1:24:10]} 13. Qxd4 {[%clk 1:12:05]} O-O {[%clk 1:19:59]} 14. Be2
{[%clk 1:11:04]} Rb8 {[%clk 1:10:29]} 15. O-O {[%clk 1:08:55]} Bd7
{[%clk 1:06:23]} 16. Rac1 {[%clk 1:00:16]} Rfc8 {[%clk 1:01:40]} 17. Rfd1
{[%clk 1:00:32]} Be8 {[%clk 1:00:28]} 18. Qe3 {[%clk 1:00:08]} Na4
{[%clk 0:52:46]} 19. Rc2 {[%clk 0:52:41]} b4 {[%clk 0:50:36]} 20. Bxa6
{[%clk 0:44:53]} Rc7 {[%clk 0:45:32]} 21. Bf1 {[%clk 0:33:33]} Rbc8
{[%clk 0:35:36]} 22. Rdc1 {[%clk 0:29:11]} bxc3 {[%clk 0:28:00]} 23. b3
{[%clk 0:29:25]} Nb2 {[%clk 0:25:29]} 24. Rxc3 {[%clk 0:27:58]} Rxc3
{[%clk 0:22:04]} 25. Rxc3 {[%clk 0:28:26]} Rxc3 {[%clk 0:22:07]} 26. Qxc3
{[%clk 0:28:54]} Qa7+ {[%clk 0:22:26]} 27. Nd4 {[%clk 0:17:39]} Qxa2
{[%clk 0:22:48]} 28. Qc8 {[%clk 0:07:24]} Kf8 {[%clk 0:23:17]} 29. Qc5+
{[%clk 0:07:48]} Kg8 {[%clk 0:23:44]} 30. Qc8 {[%clk 0:08:11]} Kf8
{[%clk 0:24:07]} 31. Qc5+ {[%clk 0:08:35]} Kg8 {[%clk 0:24:29]} 32. Qe7
{[%clk 0:08:59]} Qa8 {[%clk 0:24:53]} 33. f5 {[%clk 0:08:55]} exf5
{[%clk 0:24:14]} 34. Nxf5 {[%clk 0:09:05]} Bc6 {[%clk 0:20:41]} 35. e6
{[%clk 0:04:07]} Qe8 {[%clk 0:19:37]} 36. Qg5 {[%clk 0:02:53]}  1-0

[Event "Summer Prague Open 2022 - A"]
[Site "Olympik hotel, Sokolovska 138, Praha"]
[Date "2022.08.07"]
[Round "4"]
[Board "4"]
[White "Mirimanian, Hayk"]
[Black "Schmaltz, Roland"]
[Result "1/2-1/2"]
[WhiteElo "2228"]
[BlackElo "2470"]
[PlyCount "0"]
[EventDate "2022.08.05"]
[EventRounds "9"]
[EventCountry "CZE"]

1. e4 {[%clk 1:30:57]} d6 {[%clk 1:28:11]} 2. d4 {[%clk 1:30:38]} Nf6
{[%clk 1:28:33]} 3. Nc3 {[%clk 1:28:31]} e5 {[%clk 1:28:58]} 4. dxe5
{[%clk 1:21:58]} dxe5 {[%clk 1:28:40]} 5. Qxd8+ {[%clk 1:22:16]} Kxd8
{[%clk 1:29:04]} 6. Bg5 {[%clk 1:14:49]} Be6 {[%clk 1:28:49]} 7. O-O-O+
{[%clk 1:14:46]} Kc8 {[%clk 1:27:46]} 8. g3 {[%clk 1:07:38]} Bc5 {[%clk 1:24:29]}
9. f3 {[%clk 1:07:21]} Nbd7 {[%clk 1:24:01]} 10. Bh3 {[%clk 0:55:38]} Bxh3
{[%clk 1:23:47]} 11. Nxh3 {[%clk 0:56:02]} h6 {[%clk 1:22:36]} 12. Bxf6
{[%clk 0:53:40]} Nxf6 {[%clk 1:22:53]} 13. Nd5 {[%clk 0:53:38]} Nd7
{[%clk 1:06:22]} 14. Rhe1 {[%clk 0:49:27]} c6 {[%clk 1:04:48]} 15. Ne3
{[%clk 0:49:48]} Kc7 {[%clk 1:03:58]} 16. Nf2 {[%clk 0:49:16]} Rhe8
{[%clk 1:02:40]} 17. Nd3 {[%clk 0:48:44]} Bf8 {[%clk 1:02:36]} 18. c3
{[%clk 0:48:41]} h5 {[%clk 1:01:53]} 19. Kc2 {[%clk 0:42:16]} g6 {[%clk 0:55:14]}
20. Re2 {[%clk 0:28:17]} b5 {[%clk 0:54:05]} 21. h4 {[%clk 0:20:00]} Rad8
{[%clk 0:50:41]} 22. a4 {[%clk 0:16:26]} a6 {[%clk 0:51:03]} 23. Rh1
{[%clk 0:14:26]} Nc5 {[%clk 0:50:05]} 24. Nxc5 {[%clk 0:14:11]} Bxc5
{[%clk 0:50:28]} 25. axb5 {[%clk 0:14:33]} axb5 {[%clk 0:50:53]} 26. Rd1
{[%clk 0:02:54]} Rxd1 {[%clk 0:51:14]} 27. Nxd1 {[%clk 0:03:17]} Re6
{[%clk 0:51:12]} 28. Nf2 {[%clk 0:03:20]} Bxf2 {[%clk 0:45:32]}  1/2-1/2

[Event "Summer Prague Open 2022 - A"]
[Site "Olympik hotel, Sokolovska 138, Praha"]
[Date "2022.08.07"]
[Round "4"]
[Board "5"]
[White "Zanan, Evgeny"]
[Black "Dauth, Benjamin"]
[Result "1-0"]
[WhiteElo "2510"]
[BlackElo "2209"]
[PlyCount "0"]
[EventDate "2022.08.05"]
[EventRounds "9"]
[EventCountry "CZE"]

1. d4 {[%clk 1:26:02]} d5 {[%clk 1:29:55]} 2. c4 {[%clk 1:26:27]} c6
{[%clk 1:30:16]} 3. Nf3 {[%clk 1:26:46]} Nf6 {[%clk 1:30:28]} 4. g3
{[%clk 1:27:11]} e6 {[%clk 1:30:30]} 5. Bg2 {[%clk 1:27:28]} Bd6 {[%clk 1:30:25]}
6. O-O {[%clk 1:26:44]} O-O {[%clk 1:30:50]} 7. Nc3 {[%clk 1:24:58]} Nbd7
{[%clk 1:30:57]} 8. Nd2 {[%clk 1:20:36]} Re8 {[%clk 1:26:47]} 9. e4
{[%clk 1:20:20]} dxe4 {[%clk 1:26:57]} 10. Ndxe4 {[%clk 1:20:44]} Bf8
{[%clk 1:27:19]} 11. Bf4 {[%clk 1:08:57]} Nxe4 {[%clk 1:27:24]} 12. Nxe4
{[%clk 1:09:23]} Nf6 {[%clk 1:27:47]} 13. Nc3 {[%clk 1:07:53]} Bd6
{[%clk 1:25:06]} 14. Be5 {[%clk 1:04:45]} c5 {[%clk 1:11:31]} 15. Nb5
{[%clk 1:02:31]} Bb8 {[%clk 1:09:48]} 16. Bxb8 {[%clk 0:57:34]} Rxb8
{[%clk 1:10:12]} 17. dxc5 {[%clk 0:57:57]} a6 {[%clk 1:10:29]} 18. Nd6
{[%clk 0:57:42]} Re7 {[%clk 1:10:28]} 19. b4 {[%clk 0:57:21]} Rd7
{[%clk 1:09:57]} 20. Qe2 {[%clk 0:54:20]} b6 {[%clk 1:09:05]} 21. Rfd1
{[%clk 0:51:47]} bxc5 {[%clk 1:09:13]} 22. bxc5 {[%clk 0:52:14]} Qc7
{[%clk 1:09:09]} 23. Qe3 {[%clk 0:50:51]} Kf8 {[%clk 1:07:11]} 24. Rd2
{[%clk 0:45:51]} Ng8 {[%clk 1:00:39]} 25. c6 {[%clk 0:42:26]} Rd8
{[%clk 0:58:56]} 26. Qc5 {[%clk 0:42:37]} Ne7 {[%clk 0:58:18]} 27. Nb5
{[%clk 0:41:51]} Rxb5 {[%clk 0:56:26]} 28. Rxd8+ {[%clk 0:42:10]}  1-0

[Event "Summer Prague Open 2022 - A"]
[Site "Olympik hotel, Sokolovska 138, Praha"]
[Date "2022.08.07"]
[Round "4"]
[Board "6"]
[White "Shehzad, Shazil"]
[Black "Lalic, Bogdan"]
[Result "1/2-1/2"]
[WhiteElo "2222"]
[BlackElo "2415"]
[PlyCount "0"]
[EventDate "2022.08.05"]
[EventRounds "9"]
[EventCountry "CZE"]

1. e4 {[%clk 1:26:17]} e6 {[%clk 1:26:36]} 2. d3 {[%clk 1:25:19]} c5
{[%clk 1:25:58]} 3. Nf3 {[%clk 1:25:20]} Nc6 {[%clk 1:26:11]} 4. g3
{[%clk 1:25:39]} d5 {[%clk 1:25:54]} 5. Qe2 {[%clk 1:25:55]} Nge7
{[%clk 1:24:34]} 6. Bg2 {[%clk 1:25:39]} g6 {[%clk 1:24:47]} 7. h4
{[%clk 1:25:16]} h6 {[%clk 1:25:08]} 8. O-O {[%clk 1:23:10]} Bg7 {[%clk 1:25:30]}
9. Re1 {[%clk 1:21:51]} b6 {[%clk 1:24:18]} 10. e5 {[%clk 1:19:38]} a5
{[%clk 1:23:06]} 11. a4 {[%clk 1:12:37]} Ba6 {[%clk 1:23:26]} 12. Na3
{[%clk 1:12:23]} Nd4 {[%clk 1:16:57]} 13. Nxd4 {[%clk 1:11:37]} cxd4
{[%clk 1:17:21]} 14. Nb5 {[%clk 1:06:28]} Bxb5 {[%clk 1:17:27]} 15. axb5
{[%clk 1:06:56]} Qd7 {[%clk 1:17:40]} 16. Qg4 {[%clk 1:02:16]} Rc8
{[%clk 1:11:38]} 17. Qxd4 {[%clk 0:55:31]} Qxb5  1/2-1/2

[Event "Summer Prague Open 2022 - A"]
[Site "Olympik hotel, Sokolovska 138, Praha"]
[Date "2022.08.07"]
[Round "4"]
[Board "7"]
[White "Gloser, David"]
[Black "Lutsko, Artem"]
[Result "1/2-1/2"]
[WhiteElo "2221"]
[BlackElo "2407"]
[PlyCount "0"]
[EventDate "2022.08.05"]
[EventRounds "9"]
[EventCountry "CZE"]

1. e4 {[%clk 1:29:34]} c5 {[%clk 1:30:56]} 2. Nf3 {[%clk 1:29:54]} d6
{[%clk 1:31:22]} 3. d4 {[%clk 1:30:04]} cxd4 {[%clk 1:31:48]} 4. Nxd4
{[%clk 1:30:11]} Nf6 {[%clk 1:32:15]} 5. Nc3 {[%clk 1:30:34]} a6 {[%clk 1:32:42]}
6. Be3 {[%clk 1:30:51]} e5 {[%clk 1:33:08]} 7. Nb3 {[%clk 1:31:16]} Be6
{[%clk 1:33:35]} 8. f3 {[%clk 1:31:35]} h5 {[%clk 1:34:01]} 9. Qd2
{[%clk 1:31:58]} Nbd7 {[%clk 1:34:28]} 10. Nd5 {[%clk 1:31:30]} Bxd5
{[%clk 1:34:17]} 11. exd5 {[%clk 1:31:52]} g6 {[%clk 1:34:45]} 12. Be2
{[%clk 1:31:08]} Bg7 {[%clk 1:35:04]} 13. O-O {[%clk 1:30:38]} O-O
{[%clk 1:35:28]} 14. Na5 {[%clk 1:28:37]} Qc7 {[%clk 1:34:09]} 15. c4
{[%clk 1:28:03]} b6 {[%clk 1:30:31]} 16. Nc6 {[%clk 1:25:29]} Nb8
{[%clk 1:28:30]} 17. Nxb8 {[%clk 1:23:19]} Rfxb8 {[%clk 1:28:56]} 18. Rac1
{[%clk 1:18:04]} Nd7 {[%clk 1:27:25]} 19. Bd3 {[%clk 1:10:22]} a5
{[%clk 1:20:08]} 20. Kh1 {[%clk 1:04:46]} Nc5 {[%clk 1:18:47]} 21. Bb1
{[%clk 1:04:22]} Re8 {[%clk 1:14:18]} 22. b3 {[%clk 0:56:58]} Qd7
{[%clk 0:59:29]} 23. Rce1 Rec8 24. Bh6 {[%clk 0:54:03]} Re8 {[%clk 0:55:38]} 25.
Rg1 {[%clk 0:47:22]} Qd8 {[%clk 0:45:40]} 26. Bg5 {[%clk 0:40:14]} Bf6
{[%clk 0:43:52]} 27. Bh6 {[%clk 0:40:31]} Rb8 {[%clk 0:33:59]} 28. g4
{[%clk 0:38:35]} h4 {[%clk 0:34:26]} 29. Be3 {[%clk 0:36:32]} b5 {[%clk 0:34:42]}
30. g5 {[%clk 0:35:40]} Bg7 {[%clk 0:34:59]} 31. Bxc5 {[%clk 0:29:10]} dxc5
{[%clk 0:35:26]} 32. Bd3 {[%clk 0:28:59]} a4 {[%clk 0:32:25]} 33. Re4
{[%clk 0:28:05]} h3 {[%clk 0:32:49]} 34. Qf2 {[%clk 0:26:42]} axb3
{[%clk 0:32:49]} 35. axb3 {[%clk 0:26:52]} Qd6 {[%clk 0:32:21]} 36. cxb5
{[%clk 0:25:56]} Qxd5 {[%clk 0:32:31]} 37. Bc4 {[%clk 0:26:12]} Qd6
{[%clk 0:31:53]} 38. Qf1 {[%clk 0:18:00]} Qd7 {[%clk 0:31:32]} 39. Rh4
{[%clk 0:16:26]} Red8 {[%clk 0:26:32]} 40. Qxh3 {[%clk 0:16:03]} Qe8
{[%clk 0:24:17]} 41. Qg2 {[%clk 0:13:52]} Rxb5 {[%clk 0:22:13]} 42. Bxb5
{[%clk 0:11:45]} Qxb5 {[%clk 0:22:41]} 43. Qc2 {[%clk 0:05:50]} Rd3
{[%clk 0:21:48]} 44. Rc4 {[%clk 0:27:22]} Rxf3 {[%clk 0:42:48]} 45. Rxc5
{[%clk 0:26:17]} Qd7 {[%clk 0:42:44]} 46. Rc8+ {[%clk 0:23:09]} Kh7
{[%clk 0:43:11]} 47. Rc4 {[%clk 0:23:28]} Qb7 {[%clk 0:41:19]} 48. Qe4
{[%clk 0:22:38]} Qxb3 {[%clk 0:38:54]} 49. Qh4+ {[%clk 0:19:47]} Kg8
{[%clk 0:39:22]} 50. Rc8+ {[%clk 0:19:59]} Bf8 {[%clk 0:39:50]} 51. Rxf8+
{[%clk 0:20:04]} Kxf8 {[%clk 0:40:18]} 52. Qh8+ {[%clk 0:20:27]} Ke7
{[%clk 0:40:46]} 53. Qxe5+ {[%clk 0:20:52]} Qe6 {[%clk 0:39:10]} 54. Qc5+
{[%clk 0:20:02]} Ke8 {[%clk 0:39:39]} 55. Ra1 {[%clk 0:18:00]} Rd3
{[%clk 0:39:07]} 56. Ra8+ {[%clk 0:14:48]} Rd8 {[%clk 0:39:32]} 57. Rxd8+
{[%clk 0:12:55]}  1/2-1/2

[Event "Summer Prague Open 2022 - A"]
[Site "Olympik hotel, Sokolovska 138, Praha"]
[Date "2022.08.07"]
[Round "4"]
[Board "8"]
[White "Kambrath, Yannick"]
[Black "Teichmann, Erik"]
[Result "1-0"]
[WhiteElo "2401"]
[BlackElo "2202"]
[PlyCount "0"]
[EventDate "2022.08.05"]
[EventRounds "9"]
[EventCountry "CZE"]

1. c4 {[%clk 1:29:49]} Nc6 {[%clk 1:29:51]} 2. Nc3 {[%clk 1:29:53]} d6
{[%clk 1:29:41]} 3. d4 {[%clk 1:29:04]} e5 {[%clk 1:30:03]} 4. Nf3
{[%clk 1:29:24]} Bg4 {[%clk 1:30:11]} 5. d5 {[%clk 1:24:09]} Nb8 {[%clk 1:30:12]}
6. e4 {[%clk 1:24:11]} Nd7 {[%clk 1:29:48]} 7. Be2 {[%clk 1:24:05]} Be7
{[%clk 1:28:15]} 8. Ng1 {[%clk 1:17:05]} Bxe2 {[%clk 1:27:55]} 9. Ngxe2
{[%clk 1:17:30]} a6 {[%clk 1:26:03]} 10. O-O {[%clk 1:17:25]} Bg5
{[%clk 1:21:48]} 11. Rb1 {[%clk 1:11:26]} Bxc1 {[%clk 1:20:11]} 12. Nxc1
{[%clk 1:11:24]} Nh6 {[%clk 1:19:42]} 13. b4 {[%clk 1:10:30]} O-O
{[%clk 1:20:00]} 14. Nd3 {[%clk 1:10:25]} Qh4 {[%clk 1:12:53]} 15. g3
{[%clk 0:58:39]} Qf6 {[%clk 1:09:02]} 16. c5 {[%clk 0:56:13]} Qg6
{[%clk 1:04:13]} 17. c6 {[%clk 0:48:04]} bxc6 {[%clk 1:00:35]} 18. dxc6
{[%clk 0:48:32]} Nb6 {[%clk 0:56:21]} 19. a4 {[%clk 0:45:32]} f5 {[%clk 0:53:30]}
20. f3 {[%clk 0:35:00]} Rae8 {[%clk 0:51:59]} 21. Qe2 {[%clk 0:33:19]} Nf7
{[%clk 0:39:44]} 22. a5 {[%clk 0:28:11]} Nc8 {[%clk 0:39:12]} 23. Nd5
{[%clk 0:26:37]} Ne7 {[%clk 0:37:38]} 24. Nxc7 {[%clk 0:19:30]} Nxc6
{[%clk 0:37:33]} 25. exf5 {[%clk 0:18:24]} Qxf5 {[%clk 0:37:08]} 26. Nxe8
{[%clk 0:18:26]} Rxe8 {[%clk 0:37:33]} 27. Qe4 {[%clk 0:18:31]} Qxe4
{[%clk 0:36:37]} 28. fxe4 {[%clk 0:18:54]} Ng5 {[%clk 0:36:42]} 29. b5
{[%clk 0:15:25]} axb5 {[%clk 0:36:51]} 30. Rxb5 {[%clk 0:15:45]} Nxe4
{[%clk 0:36:51]} 31. a6 {[%clk 0:15:09]} Ra8 {[%clk 0:36:17]} 32. Rb6
{[%clk 0:14:09]}  1-0